000 00567nam a2200229Ia 4500
003 OSt
005 20221005133512.0
006 a|||||r|||| 00| 0
007 ta
008 221004b |||||||| |||| 00| 0 kan d
024 _a60175
037 _cTextual
040 _aCRL
_cCRL
_bkan
041 _2kan
_akan
082 _aO33,3NBA2,1, J0
100 _aBaliga B D Au.
_9642525
245 0 _aYodhatrayaru
260 _c1950
650 _aKANNAD FICTION
942 _hO33,3NBA2,1, J0
_cTEXL
_2cc
999 _c1067029
_d1067029